LEADER 00833nam a2200193 4500 001 000000362784 003 CaOOAMICUS 005 20250512153821.0 008 250512s1889 it 000 u ita r 040 $aSeMil$bita 100 1 $aCapecelatro, Alfonso,$c.$0(OLS)http://semarc/name/89171 245 13$aIl catechismo /$cdiscorso del Cardinale Alfonso Capecelatro letto nel Congresso catechistico di Piacenza. 264 1$aCapua :$bTipografia del Seminario G. Turi & Figli,$c1889. 300 $a22 p. ;$c24 cm 850 $aSeMil 852 $aSeMil$W1$xVenegono$y1$m5A VIII 10/21$j256780$B253685$CSeMilBibl$Z2$F253685 $8I 996 $6245$aIl catechismo$9(OLS)http://semarc/title/260025 996 $6264$aCapua :$bTipografia del Seminario G. Turi & Figli$9(OLS)http://semarc/publisher/62349 LEADER 01310nam a2200217 i 4500 001 000000029867 003 CaOOAMICUS 005 20260409091308.0 008 180830s1853 fr u000 u und u 040 $aSeMil$bita 100 1 $aPicquigny, Bernardin : de,$d<1633-1707>.$0(OLS)http://semarc/name/5681 245 10$aEpistolarum b. Pauli apostoli triplex expositio :$banalysi, qua textus apostolici ordo et connexio declaratur; paraphrasi, qua mens apostoli breviter exponitur et clarč; commentario, ubi litterales notae ... /$cauctore R. P. Bernardino a Piconio. 264 1$aParisiis :$bJ. Leroux, Jouby et Cie : Gaume et soc.,$c1853. 300 $a3 v. ;$c21 cm. 650 4$aBibbia. Nuovo Testamento. Lettere cattoliche - Commentari, studi, critica, interpretazioni.$0(OLS)http://semarc/subject/4775 774 0 $tTomus 1.$g1$w()229573 774 0 $tTomus 2.$g2$w()229575 774 0 $tTomus 3.$g3$w()229574 996 $6245$aEpistolarum b. Pauli apostoli triplex expositio :$banalysi, qua textus apostolici ordo et connexio declaratur; paraphrasi, qua mens apostoli breviter exponitur et clarč; commentario, ubi litterales notae ...$9(OLS)http://semarc/title/40627 996 $6264$aParisiis :$bJ. Leroux, Jouby et Cie : Gaume et soc.$9(OLS)http://semarc/publisher/38258